000 00642nam a22001817a 4500
999 _c80737
_d80737
008 201222b ||||| |||| 00| 0 eng d
040 _aSTAFF
_bger
_cSTAFF
_erda
041 _ager
100 _aPM
245 _aAuszeichnung für Doppelstadt
_bFrankfurt und Slubice für Zusammenarbeit während der Corona-Krise gewürdigt /
_cPM; MM
653 _aFrankfurt (Oder)
653 _aPandemie/ Covid-19
773 _dFrankfurt (Oder): Märkisches Verlags- und Druckhaus GmbH & Co. KG
_tMärkischer Markt
_g30. Jahrgang (2021) Nr. 05 vom 03/04.02.2021, S. 1
942 _cA